000 00760nam a22002177a 4500
999 _c20672
_d20672
003 AR-CdUCM
008 190603b ||||| |||| 00| 0 spa d
040 _aMUNICIPALIDAD PROVINCIAL DEL CUSCO
_cBIBLIOTECA MUNICIPAL DEL CUSCO
082 _a030 /
_bB45
100 _aBerger, Guillermo
_943219
245 _aDiccionario infantil /
260 _aMadrid :
_bColon,
300 _a255 páginas ;
_bIlustraciones,
_c24 cm
500 _a[libro reempastado]
505 _aContenido: Diccionario.
650 _aDiccionario infantil
_934421
650 _aDiccionario juvenil
_943220
700 _aJaurrieta Baleztena, Dolores y Gomiz-Gomiz,Carmen (traductoras), Blankenburg,Isabel y Kemper, Cristina (ilustraciones)
_943221
942 _2ddc
_cLIBROS
945 _aAndy